KOHA-Header-6

Step Ahead (Record no. 7296)

000 -LEADER
fixed length control field 00251nam a2200109Ia 4500
100 ## - MAIN ENTRY--AUTHOR NAME
Personal name Stephen,James
245 #0 - TITLE STATEMENT
Title Step Ahead
260 ## - PUBLICATION, DISTRIBUTION, ETC. (IMPRINT)
Place of publication Singapore
Name of publisher Penguin Books
Year of publication 1995
300 ## - PHYSICAL DESCRIPTION
Number of Pages 103
942 ## - ADDED ENTRY ELEMENTS (KOHA)
Koha item type Books
Holdings
Withdrawn status Lost status Collection code Permanent Location Current Location Shelving location Date acquired Full call number Accession Number Koha item type
    English Literature MAJU MAJU Shelf No.A14 2019-09-12 823.8 1111 English Literature

Powered by Koha